Požární větrání : větrání chráněných únikových a zásahových cest /
Gespeichert in:
| 1. Verfasser: | |
|---|---|
| Format: | Buch |
| Sprache: | Tschechisch |
| Veröffentlicht: |
Ostrava
SPBI
2011
|
| Ausgabe: | 1. vyd. |
| Schriftenreihe: | Spektrum
75. |
| Schlagworte: | |
| Tags: |
Keine Tags, Fügen Sie das erste Tag hinzu!
|
MARC
| LEADER | 00000nam a22000003a 4500 | ||
|---|---|---|---|
| 001 | 0029074 | ||
| 003 | SK-STU | ||
| 005 | 20171215083813.8 | ||
| 007 | ta | ||
| 008 | 171215s ----xo-----e------000-0-----d | ||
| 020 | |a 978-80-7385-104-0 | ||
| 040 | |a STU |b slo | ||
| 041 | 0 | |a cze | |
| 044 | |a xr | ||
| 100 | 1 | |a Pokorný, Jiří |4 aut | |
| 245 | 1 | 0 | |a Požární větrání : |b větrání chráněných únikových a zásahových cest / |c aut. Jiří Pokorný |
| 250 | |a 1. vyd. | ||
| 260 | |a Ostrava |b SPBI |c 2011 | ||
| 300 | |a 111 s. | ||
| 490 | 0 | |a Spektrum |v 75. | |
| 650 | 0 | 7 | |a únikové cesty |
| 650 | 0 | 7 | |a požiarne vetranie |
| 996 | |b 284M087429 |c M* 13994-1 |l MMKN |s A |a 24 |w 0029074_0001 | ||